[Event "Syre Memorial op 31st"]
[Site "Issy les Moulineaux"]
[Date "2008.05.02"]
[Round "2"]
[White "Piankov, Evgenij"]
[Black "Serra, Yvan"]
[Result "1-0"]
[WhiteElo "2341"]
[BlackElo "2099"]
[PlyCount "91"]
[EventDate "2008.05.01"]
[EventType "swiss"]
[EventRounds "6"]
[EventCountry "FRA"]
[SourceTitle "EXT 2010"]
[Source "ChessBase"]
[SourceDate "2010.11.25"]
[SourceVersion "1"]
[SourceVersionDate "2010.11.25"]
[SourceQuality "1"]

1. d4 d5 2. Bg5 f6 3. Bh4 e6 4. e3 g6 5. c4 c6 6. Nc3 Qb6 7. Qb3 Qxb3 8. axb3 Bd6 9. c5 Bc7 10. b4 a6 11. b5 g5 12. Bg3 Bxg3 13. hxg3 Bd7 14. b6 Ne7 15. Nf3 Kf7 16. b4 Kg7 17. g4 h6 18. Be2 Ng6 19. Bd3 f5 20. gxf5 exf5 21. b5 Kf6 22. bxa6 Nxa6 23. Bxa6 Rxa6 24. Rxa6 bxa6 25. Kd2 Bc8 26. Na2 Bb7 27. Nb4 Ke6 28. Nd3 Kf6 29. Nfe5 Nxe5 30. dxe5+ Kg6 31. f4 g4 32. g3 h5 33. Ne1 Ra8 34. Ng2 Rf8 35. Kc3 Rf7 36. Kd4 Bc8 37. Nh4+ Kg7 38. Rb1 Rb7 39. Ra1 Rf7 40. e6 Rf6 41. Rb1 Rxe6 42. Nxf5+ Kf6 43. Nd6 Rxd6 44. cxd6 Bb7 45. Kc5 Ke6 46. f5+ 1-0

[Event "Syre Memorial op 31st"]
[Site "Issy les Moulineaux"]
[Date "2008.05.01"]
[Round "1"]
[White "Serra, Yvan"]
[Black "Guilleux, Fabien"]
[Result "1-0"]
[WhiteElo "2099"]
[BlackElo "2391"]
[PlyCount "41"]
[EventDate "2008.05.01"]
[EventType "swiss"]
[EventRounds "6"]
[EventCountry "FRA"]
[SourceTitle "EXT 2010"]
[Source "ChessBase"]
[SourceDate "2010.11.25"]
[SourceVersion "1"]
[SourceVersionDate "2010.11.25"]
[SourceQuality "1"]

1. e4 c5 2. b3 e6 3. Bb2 a6 4. d4 cxd4 5. Qxd4 Nc6 6. Qe3 Nf6 7. Be2 d5 8. Nd2 d4 9. Qg3 Qa5 10. Bd3 Nh5 11. Qg4 Ne5 12. Qd1 Nxd3+ 13. cxd3 Nf4 14. Kf1 Nxd3 15. Bxd4 Nc5 16. Ne2 Bd7 17. a3 Qd8 18. b4 Ba4 19. Qb1 Bb5 20. bxc5 Qxd4 21. Qxb5+ 1-0